000 00688nam a2200193Ia 4500
003 GCL
008 140319s9999 xx 000 0 ara d
040 _aGCL /
_cGCL
082 0 4 _a811.008
_bا م
100 1 _aابن الجراح : ابوعبدالله محمد بن داود
245 1 0 _aمن اسمه عمرو من الشعراء /
_cابن الجراح : ابوعبدالله محمد بن داود
700 1 _aعبدالعزيز ناصر المانع
300 _a294 ص
490 _aالهيئة العامة للاستعلامات
_v0
650 0 4 _aالشعر العربى
650 0 4 _aالادب العربى
650 0 4 _aالشعراء العرب
942 _2ddc
_cBK
999 _c44133
_d44133